Etické řízení ve firmě nástroje a metody : etický a sociální audit

Saved in:
Bibliographic Details
Main Authors: Putnová, Anna, 1960-, Seknička, Pavel, 1959- (Author), Uhlář, Pavel (Author)
Format: Book
Language:Czech
Published: Praha Grada Publishing 2007
Edition:1. vyd.
Subjects:
Online Access:View in OPAC
Tags: Add Tag
No Tags, Be the first to tag this record!

MARC

LEADER 00000nam a2200000 a 4500
005 20260127134103.0
008 070103 2007 xr f 000 0dcze c
020 |a 9788024716213 (viaz.) 
035 |a vtls008932334 
039 9 |a 201809141020  |b AUTHORITY  |c 201410011326  |d mkpoh03  |c 200711191421  |d mschk02  |c 200701110858  |d msvkpo03  |y 200701031423  |z msvkpo05 
040 |a SVKPO  |b slo  |c SVKPO  |d STUSCHK1  |e AACR2 
041 0 |a cze 
044 |a xr  |c CZ 
072 7 |a 17  |x Etika. Morálna filozofia  |2 konspekt 
072 7 |a 658  |x Riadenie a správa podniku  |2 konspekt 
080 |a 17:658  |2 2001 
080 |a (048.8)  |2 2001 
100 1 |a Putnová, Anna,  |d 1960-  |9 1188 
245 1 0 |a Etické řízení ve firmě  |b nástroje a metody : etický a sociální audit  |c Anna Putnová, Pavel Seknička 
250 |a 1. vyd. 
260 |a Praha  |b Grada Publishing  |c 2007 
300 |a 166 s.  |b tab., schémy  |c 25 cm 
504 |a Bibliografia s. 162-166 
650 0 7 |a manažérska etika  |2 SNKPH 
655 7 |a monografie  |2 SNKPH 
700 1 |a Seknička, Pavel,  |d 1959-  |4 aut  |9 660 
700 1 |a Uhlář, Pavel  |4 aut 
910 |a svkpo 
910 |a SCHK95 
910 |a pokpoh 
919 |a 978-80-247-1621-3 
999 |c 3757  |d 3757 
942 0 0 |0 1